🎶 Paroles "Dreyfus" Yves Duteil - Statistiques

Statistiques générales
  • Ce quiz a été pris 48 fois
  • Le résultat moyen est 345 sur 428
Statistiques - réponses
Mots % Correct
D'
100%
d'
100%
De
100%
de
100%
Diable
100%
J'
100%
j'
100%
pour
100%
Pour
100%
s'
100%
S'
100%
a
95%
à
95%
À
95%
c'
95%
C'
95%
Et
95%
et
95%
il
95%
Il
95%
Je
95%
je
95%
l'
95%
"L'
95%
L'
95%
Lucie,
95%
m'
95%
ma
95%
n'
95%
qu'
95%
Qu'
95%
que
95%
Que
95%
suis
95%
t'
95%
toi
95%
un
95%
Un
95%
ai
89%
as
89%
au
89%
Au
89%
ce
89%
jamais
89%
la
89%
Le
89%
les
89%
Mais
89%
moi
89%
mon
89%
Mon
89%
on
89%
On
89%
Par-
89%
sa
89%
amour
84%
Comme
84%
coup
84%
dans
84%
Dans
84%
Des
84%
des
84%
en
84%
En
84%
France
84%
Guyane
84%
île,
84%
nous
84%
peu
84%
Quand
84%
Quand,
84%
quand
84%
Qui
84%
qui,
84%
qui
84%
Sans
84%
sans
84%
Si
84%
te
84%
Te
84%
ton
84%
Ton
84%
tous
84%
tout
84%
Tout
84%
Tu
84%
tu
84%
accuse,
79%
Dreyfus
79%
envoyer
79%
est
79%
fils
79%
honneur
79%
montagnes
79%
peine
79%
son
79%
Son
79%
sur
79%
Sur
79%
Ta
79%
ta
79%
trahi
79%
vie
79%
12
74%
17ème
74%
Affaire"
74%
âme
74%
ans
74%
assombrir
74%
avec
74%
briser
74%
capitaine
74%
chez
74%
combat
74%
coupable
74%
déchu
74%
delà
74%
désespère
74%
disait
74%
effroyable ?
74%
emmène
74%
était
74%
évoquais
74%
fallait-
74%
faut
74%
foi
74%
force
74%
frère
74%
immense
74%
juif,
74%
justice
74%
Lorsque
74%
Malgré
74%
matin
74%
ne
74%
octobre
74%
Paris,
74%
Paris
74%
perdu
74%
père
74%
piège
74%
plus
74%
remue
74%
retrouve
74%
souvent
74%
vu
74%
y
74%
Alors
68%
alors
68%
Alsacien
68%
arrêter
68%
cent
68%
cœur,
68%
défense
68%
depuis
68%
faire
68%
fin
68%
Français,
68%
haine
68%
hommes
68%
ici
68%
Ici,
68%
innocent
68%
jour
68%
leur
68%
méprise
68%
mis
68%
mort
68%
ni
68%
parmi
68%
pas
68%
pays
68%
peur
68%
pourquoi
68%
prendre
68%
quatre
68%
rien
68%
siens
68%
toujours
68%
Vers
68%
Vivait
68%
bas
63%
Bien
63%
capables
63%
ceux
63%
chien
63%
comment
63%
conscience
63%
corps
63%
dire
63%
entendre
63%
espoir
63%
étaient
63%
fers
63%
ignorance
63%
Laissé
63%
longtemps
63%
Luttaient
63%
murmure
63%
murs
63%
Parfois,
63%
parfois
63%
pavane
63%
pesant
63%
porté
63%
porte
63%
pourra
63%
raison
63%
reste
63%
rompre
63%
sait
63%
silence
63%
théâtre
63%
Traité
63%
vécu
63%
Courageux,
58%
Crier
58%
debout
58%
défendre
58%
égare
58%
enflamme
58%
exposant
58%
genoux
58%
haut
58%
injurie
58%
injustice
58%
innocence
58%
Jouant
58%
lui
58%
mémoire
58%
opiniâtres
58%
oublie
58%
reviendrai
58%
secret
58%
terre
58%
traîne
58%
chantant
53%
écoutant
53%
palais
53%
perds
53%
quelquefois
53%
souffre
53%
encore
47%
jours
47%
aiment
42%
écraser
42%
imaginais
42%
paix
42%
retrouver
42%
opprobre
37%
paradis
37%
Puisqu'
21%
Aucun quiz correspondant
Distribution des résultats
% des personnes avec chaque résultat
Percentile par nombre de réponses
Votre historique - résultats
Vous n’avez pas pris ce quiz